| 000 -LEADER |
| fixed length control field |
00451pab a2200157 454500 |
| 008 - FIXED-LENGTH DATA ELEMENTS--GENERAL INFORMATION |
| fixed length control field |
180718b2001 xxu||||| |||| 00| 0 eng d |
| 100 ## - MAIN ENTRY--PERSONAL NAME |
| Personal name |
Aini, M.S. et al |
| 245 ## - TITLE STATEMENT |
| Title |
Study of emergency response preparedness of hazardous material transportation |
| 260 ## - PUBLICATION, DISTRIBUTION, ETC. |
| Date of publication, distribution, etc. |
2001 |
| 300 ## - PHYSICAL DESCRIPTION |
| Extent |
p.183-88 |
| 650 ## - SUBJECT ADDED ENTRY--TOPICAL TERM |
| Topical term or geographic name entry element |
Transport |
| 650 ## - SUBJECT ADDED ENTRY--TOPICAL TERM |
| Topical term or geographic name entry element |
Disaster prevention |
| 650 ## - SUBJECT ADDED ENTRY--TOPICAL TERM |
| Topical term or geographic name entry element |
Dangerous materials |
| 773 ## - HOST ITEM ENTRY |
| Main entry heading |
Disaster Prevention and Management |
| 909 ## - |
| -- |
49110 |